00342nam a2200145Ia 4500008004100000020001500041041001200056082001600068100001500084245004800099250000800147260002500155300000800180650000800188221030s9999 xx 000 0 und d a8120306996 aEnglish a105.23bLia aS. Y. Liao 0aMicrowave Devices & Circuitscby S. Y. Liao a3rd bPHIaNew Delhic2006 a542 aECE